Animales al natural : (Registro nro. 8025)
[ vista simple ]
| 000 -CABECERA | |
|---|---|
| Longitud fija campo de control | 00976nam a2200253 4500 |
| 003 - • IDENTIFICADOR DELl NÚMERO DE CONTROL | |
| Identificador del número de control | CO-ViMGA |
| 020 ## - • NÚMERO INTERNACIONAL NORMALIZADO PARA LIBROS | |
| Número Internacional Normalizado para Libros (ISBN) | 9786071616593 |
| 040 ## - FUENTE DE LA CATALOGACIÓN | |
| Centro catalogador de origen | CO-ViMGA |
| Lengua de catalogación | spa |
| Centro transcriptor | CO-ViMGA |
| 082 04 - • NÚMERO DE LA CLASIFICACIÓN DECIMAL DEWEY | |
| Número de clasificación (R) | I595.7 |
| Número del ítem | T14a |
| 100 1# - • PUNTO DE ACCESO PRINCIPAL-NOMBRE DE PERSONA | |
| Nombre de persona | Takaoka, Masae. |
| 245 10 - • TITULO PROPIAMENTE DICHO | |
| Título | Animales al natural : |
| Resto del título | insectos bajo la lupa 4 / |
| Mención de responsabilidad, etc. | textos Masae Takaoka ; fotos Mamoru Yasuda ; dibujos Akio Kashiwara ; coordinador Syuji Okajima ; traducción María del Carmen Harada. |
| 300 ## - • DESCRIPCIÓN FÍSICA | |
| Extensión | 48 páginas : |
| Otras características físicas | il. ; 37 cm. |
| 490 ## - • MENCIÓN DE SERIE | |
| Mención de serie | Los especiales de ciencia |
| 534 ## - • Nota De Versión Original | |
| -- | titulo original: |
| Título | Bikkuri! jumbo konchuen. |
| 650 14 - • PUNTO DE ACCESO ADICIONAL DE MATERIA - TÉRMINO DE MATERIA | |
| Término de materia o nombre geográfico como elemento inicial | Insectos |
| Subdivisión de materia general | Hábitos y conducta |
| 650 14 - • PUNTO DE ACCESO ADICIONAL DE MATERIA - TÉRMINO DE MATERIA | |
| Término de materia o nombre geográfico como elemento inicial | Insectos |
| Subdivisión de materia general | Literatura infantil |
| 650 14 - • PUNTO DE ACCESO ADICIONAL DE MATERIA - TÉRMINO DE MATERIA | |
| Término de materia o nombre geográfico como elemento inicial | Insectos |
| Subdivisión de materia general | Clasificacion |
| 700 1# - • PUNTO DE ACCESO ADICIONAL - NOMBRE DE PERSONA | |
| Nombre de persona | Harada, María del Carmen, tr. |
| 700 1# - • PUNTO DE ACCESO ADICIONAL - NOMBRE DE PERSONA | |
| Nombre de persona | Kashiwara, Akio |
| 700 1# - • PUNTO DE ACCESO ADICIONAL - NOMBRE DE PERSONA | |
| Nombre de persona | Okajima, Syuji, |
| 700 1# - • PUNTO DE ACCESO ADICIONAL - NOMBRE DE PERSONA | |
| Nombre de persona | Yasuda, Mamoru |
| 942 ## - ENTRADA DE ELEMENTOS AGREGADOS (KOHA) | |
| Fuente de clasificaión o esquema | Dewey Decimal Classification |
| Koha [por defecto] tipo de item | LIbro |
| Perdido | Fuente de clasificación o esquema | Estado Físico | No para préstamo | Forma de adquisición | Localización permanente | Localización actual | Fecha adquisición | Coste, precio normal de compra | Préstamos totales | Renovaciones totales | Signatura completa | Código de barras | Fecha última consulta | Fecha último préstamo | Fecha del precio de reemplazo | Tipo de item de Koha |
|---|---|---|---|---|---|---|---|---|---|---|---|---|---|---|---|---|
| Dewey Decimal Classification | Sala Infantil Segundo Piso | Biblioteca Pública Germán Arciniegas - Villavicencio | Biblioteca Pública Germán Arciniegas - Villavicencio | 09/01/2019 | 63000.00 | 3 | 1 | I595.7 T14a | 031315 | 06/10/2019 | 05/28/2019 | 02/28/2018 | LIbro |